Arquitectura en madera : (Record no. 125016)

MARC details
000 -LEADER
fixed length control field nam a22 7a 4500
005 - DATE AND TIME OF LATEST TRANSACTION
control field 20190314141829.0
008 - FIXED-LENGTH DATA ELEMENTS--GENERAL INFORMATION
fixed length control field 190305b sp ||||| |||| 00| 0 spa d
020 ## - INTERNATIONAL STANDARD BOOK NUMBER
International Standard Book Number 8480762926
050 04 - LIBRARY OF CONGRESS CALL NUMBER
Classification number NA4110
Item number S78 1999
100 1# - MAIN ENTRY--PERSONAL NAME
Personal name Stungo, Naomi
240 10 - UNIFORM TITLE
Uniform title The new wood architecture
Language of a work Español
245 10 - TITLE STATEMENT
Title Arquitectura en madera :
Remainder of title nuevas tendencias
Statement of responsibility, etc /Naomi Stungo ;Traducción Margarita Kirchner.
250 ## - EDITION STATEMENT
Edition statement 1a.
260 ## - PUBLICATION, DISTRIBUTION, ETC. (IMPRINT)
Place of publication, distribution, etc Barcelona, España :
Name of publisher, distributor, etc Blume,
Date of publication, distribution, etc 1999
300 ## - PHYSICAL DESCRIPTION
Extent 240 p. :
Other physical details il ;
Dimensions 29 cm.
500 ## - GENERAL NOTE
General note Fomes. Escuela
650 #7 - SUBJECT ADDED ENTRY--TOPICAL TERM
Source of heading or term lemb
Topical term or geographic name as entry element Construcción y diseño
General subdivision Madera
-- Arquitectura
700 1# - ADDED ENTRY--PERSONAL NAME
Personal name Kirchner, Margarita,
Relator term traductor.
942 ## - ADDED ENTRY ELEMENTS (KOHA)
Source of classification or shelving scheme Biblioteca del Cogreso de los Estados Unidos
Koha item type Libro
Holdings
Estado de pérdida Fuente de clasificación Estado del daño No para préstamo Ubicación permanente Ubicación actual Apartado o colección Fecha de adquisición Edición Área del conocimiento Clasificación Código de Barras Date last seen Número de copia Tipo de recurso
  Biblioteca del Cogreso de los Estados Unidos     Biblioteca de la Facultad de Arquitectura Biblioteca de la Facultad de Arquitectura General 05/03/2019 1a. Ingeniería y Tecnología NA4110 S78 1999 BFA000003834 05/03/2019 C.1 Libro